000 00297nam a22001337a 4500
008 170525b xxu||||| |||| 00| 0 eng d
020 _a9780534940980
041 _aeng
080 _a62
100 _a26
101 _aIM
245 _aPOWER SEMICONDUCTOR DEVICES
_cBALICA.B.J
942 _2udc
_cBK
999 _c14199
_d14199